Optical applications of computer generated patterns /
Saved in:
| 主要作者: | |
|---|---|
| 格式: | Thesis 圖書 |
| 語言: | English |
| 出版: |
1983.
|
| 主題: | |
| 標簽: |
添加標簽
沒有標簽, 成為第一個標記此記錄!
|
| LEADER | 00742cam a2200229 4500 | ||
|---|---|---|---|
| 001 | u33567 | ||
| 003 | SIRSI | ||
| 008 | 840607s1983 si v 00 1 eng m | ||
| 035 | |a AAD-6162 | ||
| 040 | |a UMM | ||
| 090 | |a TA1632 |b Lim | ||
| 100 | 1 | 0 | |a Lim, Chuan Seng. |
| 245 | 1 | 0 | |a Optical applications of computer generated patterns / |c by Lim Chuan Seng. |
| 260 | |c 1983. | ||
| 300 | |a xi, 143 leaves : |b ill. ; |c 30 cm.. | ||
| 502 | |a Dissertation (M.Eng.) -- National University of Singapore, 1983. | ||
| 504 | |a Bibliography: leaves 103-105. | ||
| 650 | 0 | |a Image processing |x Digital techniques. | |
| 650 | 0 | |a Interferometer. | |
| 948 | |a 16/03/1991 |b 06/06/2002 | ||
| 596 | |a 1 | ||
| 999 | |a TA1632 LIM |w LC |c 1 |i A002662364 |l STACKS |m P01UTAMA |r Y |s Y |t TESIS |u 19/2/1992 | ||
